• 首页
  • 本馆介绍
  • 公告通知
  • 最新文献
  • 馆藏检索
  • 电子资源
  • 读者导购
  • 参考咨询
  • 我的图书馆
  • 登录
  • 详细信息显示
  • 放入我的书架
  • 预约/预借图书
  • 作者相关作品
  • 分类相关作品
  • 丛书相关作品
  • 出版社相关作品

书目信息

  • 表格格式
  • 工作单格式
  • 卡片格式
题名:
团支部活动例选
    
 
作者: ;共青团上海市委 编
分册:  
出版信息: 上海   上海人民出版社  1984.06
页数: 201页
开本: 19cm
丛书名: 新时期团干部必读
单 册:
中图分类: D29
科图分类:
主题词: 中国共产主义青年团
电子资源:
ISBN:
000 00657nam0 2200229 45
001 0209281509
005 20050630084448.4
010    @dCNY0.55
091    @a3074.702
100    @a20020928d1984 km y0chiy0120 ea
101 0  @achi
105    @a z 000yy
200 1  @a团支部活动例选@ATuan Zhi Bu Huo Dong Li Xuan@f共青团上海市委编@FGong Qing Tuan Shang Hai Shi Wei Bian
210    @a上海@c上海人民出版社@d1984.06
215    @a201页@d19cm
225    @a新时期团干部必读
410    @12001 @a新时期团干部必读
606 0  @a中国共产主义青年团
690    @aD29@v3
711 02 @a共青团上海市委@4编
801    @aCN@bTSTC@c20020928
905    @dD29@e8@f1@b123287
    
    团支部活动例选/共青团上海市委编.-上海:上海人民出版社,1984.06
    201页;19cm.-(新时期团干部必读)
    
    
    ISBN :CNY0.55
    
●
相关链接 在E读中查询图书 在五车中查询图书 在当当中查询图书 在豆瓣中查询图书


正题名:团支部活动例选     索取号:D29/8         预约/预借

序号 登录号 条形码 馆藏地/架位号 状态 备注
1 0123283   001708922   密集书库/ [索取号:D29/8] 在馆    
2 0123284   001708888   密集书库/ [索取号:D29/8] 在馆    
3 0123285   001708968   密集书库/ [索取号:D29/8] 在馆    
4 0123287   000381116   第一样本阅览室/ [索取号:D29/8] 在馆    
唐山师范学院图书馆 欢迎您!
大连网信软件有限公司© 版权所有